Diálogos semanales con Jesús. Ciclo B: Tiempo Ordinario. Libro 4
সংরক্ষণ করুন:
| প্রধান লেখক: | , |
|---|---|
| বিন্যাস: | গ্রন্থ |
| ভাষা: | স্প্যানিশ |
| প্রকাশিত: |
Pamplona
Verbo Divino
2008
|
| সংস্করন: | 1a. ed |
| বিষয়গুলি: | |
| ট্যাগগুলো: |
ট্যাগ যুক্ত করুন
কোনো ট্যাগ নেই, প্রথমজন হিসাবে ট্যাগ করুন!
|
MARC
| LEADER | 00000nam a2200000 a 4500 | ||
|---|---|---|---|
| 001 | UCH5040 | ||
| 003 | CL-VaPUC | ||
| 008 | 090916e20080000SP |||||||||||||||||spa|d | ||
| 020 | |a 9788481697674 | ||
| 082 | 0 | 4 | |a 264.02 |b MED |2 21 |
| 100 | |a Medina Arellano, José Antonio |e autor |9 541172 | ||
| 700 | 0 | |a Cervantes, Carmen María |e author |9 541169 | |
| 245 | 1 | 0 | |a Diálogos semanales con Jesús. Ciclo B: Tiempo Ordinario. Libro 4 |
| 250 | |a 1a. ed | ||
| 300 | |a 264 p | ||
| 942 | |c BK | ||
| 945 | |d 20090916 00:00:00 |a cmena | ||
| 260 | |a Pamplona |b Verbo Divino |c 2008 | ||
| 500 | |a Hacia una espiritualidad y formación en la Fe, encarnadas en el mundo actual y la Liturgia Dominical | ||
| 500 | |a 34 sesiones para: Jóvenes, Grupos, Movimientos, Comunidades | ||
| 650 | 0 | |a Teología sistemática |9 522913 | |
| 650 | 7 | |a LITURGIA |2 CL-VaPUC |9 541170 | |
| 650 | 0 | |a Educación religiosa |9 308312 | |
| 650 | 7 | |a LECCIONARIOS |2 CL-VaPUC |9 522915 | |
| 650 | 0 | |a Año litúrgico |9 345616 | |
| 650 | 0 | |a Eucaristía |9 257336 | |
| 583 | |a last modification |c 20130402 09:54:39 |k Rodrigo Vera | ||
| 999 | |c 336262 |d 336260 | ||
| 952 | |0 0 |1 0 |4 0 |6 264_020000000000000_MED_2008 |7 0 |8 A |9 427262 |a BIBTEO |b BIBTEO |d 2019-11-22 |i 4569342 |o 264.02 MED 2008 |p 4569342 |r 2025-01-17 |w 2019-11-22 |y BK |k ICR | ||